000 00580nam a2200217Ia 4500
008 180523s9999 xx 000 0 und d
020 _a81-7992-133-6
050 _aMAIN LB 1049
050 _b.B38 2004
100 _aBathia, Dhaval.
245 0 _aHow to top exam & enjoy studies :
245 0 _bstudy techniques for every student /
245 0 _cDhaval Bathia.
260 _aMumbai :
260 _bJaico Publishing,
260 _c2004
300 _a135 pages :
300 _c22 cm.
500 _aIncludes bibliographical references.
650 _aMethods of study.
999 _c356544
_d356544